[Event "Oberliga Bayern 1819"]
[Site "Bayern"]
[Date "2018.10.21"]
[Round "1.6"]
[White "Lowitz, Torsten"]
[Black "Willim, Michael"]
[Result "1/2-1/2"]
[WhiteElo "2146"]
[BlackElo "2120"]
[PlyCount "21"]
[EventDate "2018.10.21"]
[EventType "team-tourn"]
[EventRounds "9"]
[EventCountry "GER"]
[SourceTitle "EXT 2020"]
[Source "ChessBase"]
[SourceDate "2019.10.17"]
[SourceVersion "1"]
[SourceVersionDate "2019.10.17"]
[SourceQuality "1"]
[WhiteTeam "Herzogenaurach"]
[BlackTeam "Erlangen SC"]
[WhiteTeamCountry "GER"]
[BlackTeamCountry "GER"]

1. e4 e5 2. Nf3 Nc6 3. Bb5 a6 4. Ba4 Nf6 5. 0-0 b5 6. Bb3 Bc5 7. c3 d6 8. d4 Bb6 9. dxe5 Nxe5 10. Nxe5 dxe5 11. Qxd8+ 1/2-1/2

[Event "Forchheim op 17th"]
[Site "Forchheim"]
[Date "2018.09.22"]
[Round "3"]
[White "Braun, Kristin"]
[Black "Willim, Michael"]
[Result "0-1"]
[WhiteElo "1919"]
[BlackElo "2120"]
[PlyCount "40"]
[EventDate "2018.09.21"]
[EventType "swiss"]
[EventRounds "5"]
[EventCountry "GER"]
[SourceTitle "EXT 2019"]
[Source "ChessBase"]
[SourceDate "2018.10.10"]
[SourceVersion "1"]
[SourceVersionDate "2018.10.10"]
[SourceQuality "1"]

1. e4 e5 2. Bc4 Nf6 3. d3 Nc6 4. Nf3 Bc5 5. c3 d6 6. Bb3 a6 7. h3 Ba7 8. Nbd2 Be6 9. Bc2 h6 10. Nf1 d5 11. Ng3 Qd7 12. Qe2 d4 13. Nh4 g6 14. Nf3 Qd6 15. Bb3 Bxb3 16. axb3 dxc3 17. bxc3 0-0-0 18. d4 exd4 19. 0-0 d3 20. Qd2 Qxg3 0-1